Statistics for Most Common First Two Letters of Countries

Click here to take the quiz!

General Stats

  • This quiz has been taken 1,071 times
    (1,068 since last reset)
  • The average score is 23 of 38

Answer Stats

Country% Correct
SO
88%
MA
88%
SA
85%
MO
81%
SOSouth Korea
72%
PA
71%
SOSouth Africa
69%
SOSomalia
69%
MAMali
66%
SOSouth Sudan
65%
MAMauritania
64%
MAMauritius
62%
MAMadagascar
61%
MAMalaysia
59%
SASaint Lucia
58%
SASaint Kitts and Nevis
58%
MOMozambique
58%
MAMalawi
57%
MOMorocco
57%
MOMonaco
57%
SASaint Vincent and
the Grenadines
57%
PAPanama
56%
PAParaguay
56%
MOMoldova
56%
MAMacedonia
55%
MOMongolia
55%
MOMontenegro
55%
MAMaldives
55%
PAPalau
54%
SASamoa
53%
PAPakistan
53%
SASan Marino
51%
MAMalta
51%
SASaudi Arabia
50%
SASão Tomé and Príncipe
48%
SOSolomon Islands
44%
PAPapua New Guinea
44%
MAMarshall Islands
41%

Score Distribution

Percentile by Number Answered

Percent of People with Each Score

Your Score History

You have not taken this quiz since the last reset